| 000 | 00818nam a2200229Ia 4500 | ||
|---|---|---|---|
| 003 | GCL | ||
| 008 | 140319s9999 xx 000 0 ara d | ||
| 020 | _a2111610977 | ||
| 040 |
_aGCL / _cGCL |
||
| 082 | 0 | 4 |
_a910.02 _bم ا |
| 100 | 1 | _aمحمد صبرى محسوب | |
| 245 | 1 | 0 |
_aالاخطاء والكوارث الطبيعية الحدث والمواجهة : _bمعالجة جغرافية / _cمحمد صبرى محسوب |
| 700 | 1 | _aمحمد ابراهيم ارباب | |
| 250 | _aالاولى | ||
| 260 |
_aالقاهرة : _bدار الفكر العربى ، _c2000 |
||
| 300 |
_a228 ص: _bايض، خرائط ؛ _c24 سم |
||
| 650 | 0 | 4 | _aالجغرافيا الطبيعية |
| 650 | 0 | 4 | _aالكوارث |
| 650 | 0 | 4 | _aالاخطاء |
| 650 | 0 | 4 | _aالتأمين ضد الكوارث |
| 942 |
_2ddc _cREF |
||
| 999 |
_c59316 _d59316 |
||